00645 2200205 4500245012600000020002200126250001100148100002000159700002800179650005500207650001000262005001900272260005700291041001400348084001200362300002500374336000900399337001000408338002100418 aBuku Panduan Guru Kepercayaan Terhadap Tuhan Yang Maha Esa dan Budi Pekerti untuk SMA/SMK Kelas XIcAntonius SukocohText a978-602-244-647-7 aCet. 1 aAntonius Sukoco aSri Endang Sulistyowati aPendidikan Kepercayaan Terhadap Tuhan Yang Maha Es aEbook a20230616071854 aJakartabKementerian Pendidikan dan Kebudayaanc2021 aIndonesia a370.114 axvi, 232 hlm. :cPDF atext aother aother (computer)